LIBRARY & INFORMATION CENTRE, KCAET, TAVANUR

ONLINE PUBLIC ACCESS CATALOGUE (OPAC)

Principles of refrigeration / (Record no. 12269)

MARC details
000 -LEADER
fixed length control field 00460cam a2200181ua 4500
020 ## - INTERNATIONAL STANDARD BOOK NUMBER
ISBN 81-7808-274-8
041 ## - LANGUAGE CODE
Language code of text/sound track or separate title eng
082 ## - DEWEY DECIMAL CLASSIFICATION NUMBER
Classification number 697.93
Item number DOS/PR
100 ## - MAIN ENTRY--AUTHOR NAME
Personal name Dossat, Roy J .
245 ## - TITLE STATEMENT
Title Principles of refrigeration /
250 ## - EDITION STATEMENT
Edition statement 4 /
260 ## - PUBLICATION, DISTRIBUTION, ETC. (IMPRINT)
Place of publication Delhi :
Name of publisher Pearson Education Asia ,
Year of publication 2004.
300 ## - PHYSICAL DESCRIPTION
Number of Pages 512 ; .
942 ## - ADDED ENTRY ELEMENTS (KOHA)
Koha item type Books
Holdings
Withdrawn status Lost status Damaged status Home library Current library Date acquired Full call number Accession Number Koha item type
      KAUAET KAUAET 07/04/2012 697.93 20979 Books
free website counter